Maine's top cities alphabetically Quiz Stats

 Plays Quiz not verified by Sporcle

Score 0/20 Timer 06:00
0 Plays Today
City % Correct
Augusta
87.2%
Bangor
87.2%
Portland
85.1%
Auburn
80.9%
Lewiston
70.2%
Biddeford
59.6%
South Portland
59.6%
Brunswick
55.3%
Saco
55.3%
York
48.9%
City % Correct
Sanford
44.7%
Kennebunk
42.6%
Westbrook
42.6%
Gorham
40.4%
Waterville
40.4%
Windham
40.4%
Orono
38.3%
Scarborough
38.3%
Falmouth
36.2%
Standish
19.1%

You're not logged in!

Compare scores with friends on all Sporcle quizzes.
OR
Log In

Show Comments

Extras

Top Quizzes Today


Score Distribution

Your Account Isn't Verified!

In order to create a playlist on Sporcle, you need to verify the email address you used during registration. Go to your Sporcle Settings to finish the process.

Report this User

Report this user for behavior that violates our Community Guidelines.

Details: